Statistics for Flags of Countries of the World in 1929

Click here to take the quiz!

General Stats

  • This quiz has been taken 123 times
    (116 since last reset)
  • The average score is 62 of 76

Answer Stats

Answer% Correct
Japan
99%
Poland
98%
Chile
97%
Finland
91%
Belgium
90%
Germany
90%
Switzerland
90%
Turkey
90%
Uruguay
90%
Bulgaria
89%
Czechoslovakia
89%
Norway
89%
Panama
89%
San Marino
89%
United States
89%
Albania
88%
Denmark
88%
Austria
87%
Hungary
87%
Liberia
87%
Luxembourg
87%
Netherlands
87%
Peru
87%
Soviet Union
87%
Brazil
85%
China
85%
Colombia
85%
Ecuador
85%
France
85%
Ireland
85%
Latvia
85%
Monaco
85%
Nepal
85%
Paraguay
85%
Portugal
85%
Siam
85%
South Africa
85%
Spain
85%
United Kingdom
85%
Vatican City
85%
Hejaz and Nejd
84%
Italy
84%
Mexico
84%
Iceland
83%
New Zealand
83%
Sweden
83%
Venezuela
83%
Argentina
82%
Australia
82%
Canada
82%
Romania
82%
Lithuania
81%
Costa Rica
80%
Cuba
80%
Estonia
80%
Mongolia
80%
Tibet
80%
Dominican Republic
79%
Haiti
79%
Honduras
78%
Greece
76%
Bolivia
75%
Liechtenstein
75%
Nicaragua
75%
El Salvador
74%
Guatemala
72%
Persia
71%
Yugoslavia
70%
Danzig
69%
Yemen
69%
Egypt
67%
Ethiopia
67%
Newfoundland
66%
Andorra
57%
Tuva
56%
Afghanistan
26%

Score Distribution

Percentile by Number Answered

Percent of People with Each Score

Your Score History

You have not taken this quiz since the last reset